|
|
|
|
| LEADER |
01176nam a22002652a 4500 |
| 001 |
000323300 |
| 003 |
CZ BrMZK |
| 005 |
20240917122532.0 |
| 008 |
980107s1965 xr a f 000 0 cze d |
| 015 |
|
|
|a cnb000489506
|
| 035 |
|
|
|a (OCoLC)42131480
|
| 040 |
|
|
|a BOA001
|b cze
|
| 100 |
1 |
|
|a Šebek, Jiří,
|d 1922-1999
|7 jk01122588
|4 aut
|
| 245 |
1 |
0 |
|a Jan Štursa a kniha /
|c Jiří Šebek
|
| 260 |
|
|
|a Praha :
|b Nakladatelství československých výtvarných umělců,
|c 1965
|
| 300 |
|
|
|a 27 s. :
|b il. ;
|c 21 cm
|
| 490 |
1 |
|
|a Obolos ;
|v sv. 21
|
| 500 |
|
|
|a Dostupné též v digitální podobě v aplikaci Kramerius
|
| 830 |
|
0 |
|a Obolos (Nakladatelství čs. výtvarných umělců)
|0 s
|
| 856 |
4 |
1 |
|u http://www.digitalniknihovna.cz/mzk/uuid/uuid:d565ab30-7a5a-11ef-a098-5ef3fc9bb22f
|y Digitalizovaný dokument
|x NDK
|
| 910 |
|
|
|a BOA001
|b PK-0043.761
|b Bf1-0564.137
|
| 964 |
|
|
|a Štursa, Jan - grafika knižní - studie
|
| 990 |
|
|
|a BK
|
| 996 |
6 |
|
|b 2618846702
|c Bf1-0564.137
|l Stud. starých tisků/4.patro
|r Sklad / do násl. otevíracího dne
|n 0
|w 000323300
|u 000020
|a 1
|e BOA001
|j MZK50
|s P
|
| 996 |
7 |
|
|b 3119928781
|c PK-0043.761
|l MZK
|r Sklad / do 1 hodiny
|n 8
|w 000323300
|u 000010
|a 1
|e BOA001
|j MZK50
|s A
|